Bond Characters in Movies and Books Sudden Death - Statistics

General Stats
  • This quiz has been taken 122 times
  • The average score is 3 of 14
Answers on the Grid
Answers color-coded by a green-red scale on the quiz's grid according to % correct below.
Felix Leiter
Hugo Drax
Franz Sanchez
Le Chiffre
Mr. Big
Karl Stromberg
Jaws
Jack Spang
Jack Strap
Oddjob
General Grubozaboyschikov
Tov Kronsteen
Sluggsy Morant
Raoul Silva
Aristotle Kristatos
Dr. No
Red Grant
Pussy Galore
Alec Trevelyan
Miss Moneypenny
Renard
Mr. Sanguinetti
James Bond
Clarence Leiter
Herr von Hammerstein
M
Elliot Carver
Gala Brand
 
Answer Stats
Answer % Correct
Felix Leiter appears in many movies and books Felix Leiter
69%
Le Chiffre is the main villain of Casino Royale the book,1954,1967 and 2006 Le Chiffre
48%
Hugo Drax is the main villain of the Moonraker film and novel Hugo Drax
42%
James Bond is James Bond James Bond
28%
M has appeared in every Bond movie and book M
28%
I wonder what Dr. No could be from Dr. No
26%
Miss Moneypenny is M's secretary in many books and movies Miss Moneypenny
26%
Pussy Galore is the Bond girl of Goldfinger (book and film) Pussy Galore
20%
Oddjob was in both the film and novel Oddjob
15%
Mr. Big is in Live and Let Die the movie in the form of Kananga's alter ego Mr. Big
12%
Aristotle Kristatos appears in the film For Your Eyes Only and the short story Risico Aristotle Kristatos
8%
Red Grant is a henchman in the movie FRWL and a main villain in the book version Red Grant
6%
Tov Kronsteen was in both FRWL's movie and book Tov Kronsteen
5%
Jack Strap became head of the Spangled Mob after Jack and Seraffimo Spang died, this is shown in Goldfinger (novel and film) Jack Strap
2%
No matching quizzes found
Score Distribution
Percent of People with Each Score
Percentile by Number Answered
Your Score History
You have not taken this quiz